| 000 | 00422nam a2200157 i 4500 | ||
|---|---|---|---|
| 001 | 50818 | ||
| 003 | ES-MaACL | ||
| 007 | t| | ||
| 008 | 030806s1967 sp ||||1| spa d | ||
| 100 | 1 |
_aChamizo, Patricio. _937881 |
|
| 245 | 1 | 0 |
_aEn un lugar de Alemania _b: novela / _cPatricio Chamizo. |
| 250 | _a[1ยช ed.]. | ||
| 260 |
_aMadrid : _bZYX, _c[1967] |
||
| 300 |
_a106 p. ; _c17 cm. |
||
| 852 |
_aES-MaACL _jE-2547 _bR.63963 |
||
| 999 |
_c50818 _d50818 |
||